01749cam a22004094i 4500003000900000005001700009008004100026020001800067035002000085040003300105082002200138100002900160245014200189264004600331300005500377336002100432337002500453338002300478504004000501504003400541505057900575526001001154526001001164526001001174526001001184526000801194526000801202526000801210526000801218526000801226526000801234526000801242650001601250650002701266650001401293650003201307PE-LiUPU20250731173044.0171227s2017 xxua rb 001 0 eng d a9780801039553 a(Sirsi) a240724 aPE-LiUPUbspacPE-LiUPUerda04a270.1082bC722231 aCohick, Lynn H.,eautor.10aChristian women in the patristic world :btheir influence, authority, and legacy in the second through fifth centuries /cLynn H. Cohick. 1aGrand Rapids :bBaker Book House ;c2017. a292 páginas :bilustraciones ;c23 centímetros atext2rdacontent aunmediated2rdamedia avolume2rdacarrier aBibliografía : páginas 261-277. aÍndice : páginas 285-292.0 aThecla : Christian female protomartyr and virgin of the church -- Perpetua and Felicitas : mothers and martyrs -- Christian women in catacomb art -- From pagan to Christian, martyr to ascetic -- Helena Augusta, "mother of the empire" -- Egeria's "Itinerary" and Christian pilgrimage -- Macrina the ascetic entrepreneur and the "unlearned" wisdom of Monica -- Paula, Marcella, and the Melanias : ascetics, scholars, and comptriots in controversy -- Aelia Pulcheria, "protectress of the empire," and Empress Eudocia, a theological poet -- Conclusion : Responsibly remembering. aSEG42 aSEG41 aSEG40 aSEG39 aP94 aP87 aP86 aP85 aP77 aP76 aP3504aGeschichte.04aWomen in Christianity.04aHistoria.04aMujeres en el cristianismo.